Introduction to the design and analysis of algorithms (Record no. 176178)
[ view plain ]
| 000 -LEADER | |
|---|---|
| fixed length control field | 00379nam a2200145Ia 4500 |
| 005 - DATE AND TIME OF LATEST TRANSACTION | |
| control field | 20240305161016.0 |
| 008 - FIXED-LENGTH DATA ELEMENTS--GENERAL INFORMATION | |
| fixed length control field | 231217s9999 xx 000 0 und d |
| 082 ## - DEWEY DECIMAL CLASSIFICATION NUMBER | |
| Classification number | 001.6423 LEV |
| 100 ## - MAIN ENTRY--PERSONAL NAME | |
| Personal name | Levitin, Anany. |
| 245 #0 - TITLE STATEMENT | |
| Title | Introduction to the design and analysis of algorithms |
| 260 ## - PUBLICATION, DISTRIBUTION, ETC. (IMPRINT) | |
| Date of publication, distribution, etc. | 2003 |
| Name of publisher, distributor, etc. | Pearson |
| Place of publication, distribution, etc. | Delhi |
| 300 ## - PHYSICAL DESCRIPTION | |
| Extent | xxiv+497 |
| 650 ## - SUBJECT ADDED ENTRY--TOPICAL TERM | |
| Topical term or geographic name as entry element | algorithms |
| 942 ## - ADDED ENTRY ELEMENTS (KOHA) | |
| Koha item type | Books |
| Date last seen | Total Checkouts | Full call number | Accession number | Old discount | Price effective from | Category | Lost status | Damaged status | Department | Withdrawn status | bill no. | bill date | Permanent Location | Current Location | Shelving location | Entry date | Vendor | Grants | Currency symbol | Conversion rate | Discount | Discount type |
|---|---|---|---|---|---|---|---|---|---|---|---|---|---|---|---|---|---|---|---|---|---|---|
| 26/01/2024 | 001.6423 LEV | 37940 | 26/01/2024 | Books | Information Science | 09/03/2012 | Central Library | Central Library | Information Science | 21/09/2005 | Publisher | IS | RS | 1 | Rupees |
